| 000 | 00759nam a2200217 i 4500 | ||
|---|---|---|---|
| 001 | 171928 | ||
| 003 | ES-MaACL | ||
| 005 | 20250929063253.0 | ||
| 008 | 090609s1984 sp |||| | spa d | ||
| 017 | _aM 13216-1984 | ||
| 020 | _a84-220-1133-6 | ||
| 100 | 1 |
_aGarcía Barriuso, Patrocinio, _d1909-1997 _9140553 |
|
| 245 | 1 | 0 |
_aMatrimonio y divorcio hoy en España / _cpor Patrocinio García Barriuso. |
| 260 |
_aMadrid : _bLa Editorial Católica, _c1984. |
||
| 300 |
_aXVIII, 348 p., 1 h. ; _c20 cm. |
||
| 490 | 1 |
_aBiblioteca de autores cristianos ; _v449 |
|
| 504 | _aBibliografía : p. [XIII]-XVIII. Índices. | ||
| 830 | 0 | 0 |
_aBiblioteca de autores cristianos _v449 _9178679 |
| 852 |
_aES-MaACL _jJ-438 _9R.46092 |
||
| 999 |
_c171928 _d171928 |
||